• 首页
  • 本馆介绍
  • 公告通知
  • 最新文献
  • 馆藏检索
  • 电子资源
  • 读者导购
  • 参考咨询
  • 我的图书馆
  • 登录
  • 详细信息显示
  • 放入我的书架
  • 预约/预借图书
  • 作者相关作品
  • 分类相关作品
  • 丛书相关作品
  • 出版社相关作品

书目信息

  • 表格格式
  • 工作单格式
  • 卡片格式
书名: Solving discipline problems
作者: Charles H. Wolfgang.
分册号:
分册名:
出版地: Boston :
 
出版社: Allyn and Bacon
出版时间: c1999.
页数: xiv, 338 p. :
开本: 25 cm.
丛书名:
中图分类号:
科图分类号:
其他分类号: G451.5
主题词:
电子资源:
000 00993pam a2200289 a 450
001 E0738693906
005 20070317104633.81
008 980512s1999 maua b 001 0 eng
010    @a98020692
020    @a0205285619.
035    @A(DLC) 98020692
040    @aDLC@cDLC@dDLC
050 00 @aLB3012@b.W65 1999
082 00 @a371.5@2 21
090    @aG451.5
099    @dG451.5@ex2=4
100 1  @aWolfgang, Charles H.
245 10 @aSolving discipline problems :@bmethods and models for today’s teachers / @cCharles H. Wolfgang.
250    @a4th ed.
260    @aBoston :@bAllyn and Bacon,@cc1999.
300    @axiv, 338 p. :@bill. ;@c25 cm.
504    @aIncludes bibliographical references and index.
650  0 @aSchool discipline.
650  0 @aClassroom management.
906    @a7@bcbc@corignew@d1@eocip@f19@gy-gencatlg
955    @apc05 to sa00 05-12-98; sj03 05-12-98; sj07 05-13-98; sj05 05-14-98; CIP ver sj06 12-01-98
991    @bc-GenColl@hLB3012@i.W65 1999@tCopy 1@wBOOKS
    
    Solving discipline problems : : methods and models for today’s teachers / / Charles H. Wolfgang.-4th ed.-Boston : : Allyn and Bacon, , c1999.
    xiv, 338 p. : : ill. ; ; 25 cm.
    Includes bibliographical references and index.
    
    ISBN 0205285619.
    
●
相关链接 在E读中查询图书 在五车中查询图书 在当当中查询图书 在豆瓣中查询图书


正题名:Solving discipline problems     索取号:G451.5/x2=4         预约/预借

序号 登录号 条形码 馆藏地/架位号 状态 备注
1 0002456   300024569   第四借阅区/ [索取号:G451.5/x2=4] 在馆    
2 0002457   300024578   第四借阅区/ [索取号:G451.5/x2=4] 在馆    
唐山师范学院图书馆 欢迎您!
大连网信软件有限公司© 版权所有